000 00652nam a22001937a 4500
999 _c165705
_d165705
005 20190627131024.0
010 _aUR-10259
020 _c60.00
_a9789388105903
035 _aU-8814
037 _bDBAD/PUB
082 _a841
100 _aصد يقی کو ثر
245 _aچر ا غ پھو لو ں کے
_cصد يقی کو ثر
246 _bCharagh Phoolon Ke (Urdu)
_aby Kausar Siddiqui
260 _a Delhi
_bEducational Publishing House
_c2018 ء
270 _a3191،Vakil Street,Kucha Pandit,Lal Kuan,
_bDelhi
_e110006
_k23216162
_l00911123211540
300 _a72ص
_c22 Cm(Hb)
942 _2ddc
_cUR
_h841
_mص د ی